Devine le personnage - Soy luna - Statistiques

Statistiques générales
  • Ce quiz a été pris 510 fois
  • Le résultat moyen est 13 sur 16
Statistiques - réponses
Par images Réponse % Correct
Luna
100%
Ambre
97%
Mattéo
97%
Simón
97%
Nina
95%
Ramiro
94%
Delphina
92%
Gaston
91%
Jim
88%
Yam
88%
Pedro
87%
Nico
84%
Miguel
74%
Jazmín
72%
Tino et Carlos
47%
Daniela
39%
Aucun quiz correspondant
Distribution des résultats
% des personnes avec chaque résultat
Percentile par nombre de réponses
Votre historique - résultats
Vous n’avez pas pris ce quiz